[Event "FRA-ch op-D"]
[Site "Pau"]
[Date "2012.08.25"]
[Round "11"]
[White "Jacob, Eva"]
[Black "Joyeux, Chloe"]
[Result "1-0"]
[WhiteElo "1484"]
[BlackElo "1432"]
[PlyCount "59"]
[EventDate "2012.08.14"]
[EventType "swiss"]
[EventRounds "11"]
[EventCountry "FRA"]
[SourceTitle "EXT 2014"]
[Source "ChessBase"]
[SourceDate "2013.11.20"]
[SourceVersion "1"]
[SourceVersionDate "2013.11.20"]
[SourceQuality "1"]

1. e4 c6 2. Nc3 d5 3. Nf3 Bg4 4. h3 Bxf3 5. Qxf3 d4 6. Ne2 e5 7. Ng3 Nf6 8. Bc4 Nbd7 9. Qb3 Nc5 10. Bxf7+ Ke7 11. Qc4 Kd7 12. a3 Kc7 13. d3 Nfd7 14. b4 Nb6 15. Qa2 Nca4 16. 0-0 g6 17. f4 Qh4 18. Ne2 Bd6 19. Qe6 Nd7 20. fxe5 Bxe5 21. Bf4 Bxf4 22. Rxf4 Qh6 23. Raf1 Nab6 24. Nxd4 Rhf8 25. R4f3 Rad8 26. Qe7 Nc8 27. Qe6 Nd6 28. Kh1 Nxf7 29. Rxf7 Rde8 30. Qxd7+ 1-0

[Event "FRA-ch U12 Girls"]
[Site "Aix les Bains"]
[Date "2009.04.20"]
[Round "2"]
[White "Jacob, Eva"]
[Black "Canterel, Cecile"]
[Result "0-1"]
[WhiteElo "1380"]
[BlackElo "1560"]
[PlyCount "88"]
[EventDate "2009.04.19"]
[EventType "swiss"]
[EventRounds "9"]
[EventCountry "FRA"]
[SourceTitle "CBM 130 Extra"]
[Source "ChessBase"]
[SourceDate "2009.07.02"]
[SourceVersion "2"]
[SourceVersionDate "2009.07.15"]
[SourceQuality "1"]

1. e4 c5 2. d4 cxd4 3. c3 dxc3 4. Nxc3 Nc6 5. Bc4 e6 6. Nf3 Nf6 7. e5 Ng4 8. Bf4 a6 9. h3 b5 10. Bb3 Nh6 11. a3 Nf5 12. 0-0 h6 13. Re1 Bb7 14. Rc1 g5 15. Bg3 Nxg3 16. fxg3 Qc7 17. Qe2 Bg7 18. Qe3 0-0 19. Rcd1 Ne7 20. g4 Ng6 21. Rc1 Bxf3 22. gxf3 Qxe5 23. Qxe5 Nxe5 24. Rf1 Rac8 25. Kg2 Rfd8 26. Kg3 d5 27. Rfd1 Kf8 28. Ba2 Ke7 29. Rd2 Nc4 30. Bxc4 bxc4 31. Rcd1 Be5+ 32. Kf2 Bf4 33. Re2 d4 34. Ne4 d3 35. Ree1 Rb8 36. Kf1 Rxb2 37. a4 Rc2 38. Nc5 d2 39. Re2 Rc1 40. Rxc1 dxc1Q+ 41. Kf2 Rd2 42. Nxa6 Rxe2+ 43. Kxe2 Qe3+ 44. Kd1 Qd2# 0-1

[Event "FRA-ch U12 Girls"]
[Site "Le Grand Bornand"]
[Date "2007.04.??"]
[Round "9"]
[White "Jacob, Eva"]
[Black "Imperor, Lorene"]
[Result "0-1"]
[WhiteElo "1240"]
[BlackElo "1350"]
[PlyCount "114"]
[EventDate "2007.04.07"]
[EventType "swiss"]
[EventRounds "9"]
[EventCountry "FRA"]
[SourceTitle "CBM 118 Extra"]
[Source "ChessBase"]
[SourceDate "2007.07.04"]
[SourceVersion "1"]
[SourceVersionDate "2007.07.04"]
[SourceQuality "1"]

1. e4 c5 2. Nf3 d6 3. d4 cxd4 4. Nxd4 Nf6 5. Nc3 g6 6. Bd3 Bg7 7. 0-0 0-0 8. Be3 Ng4 9. h3 Nxe3 10. fxe3 Nc6 11. Bc4 Bd7 12. Rf2 Ne5 13. Bb3 a5 14. a4 Rc8 15. Qf1 e6 16. Ndb5 Qb6 17. Qe1 Rfd8 18. Qe2 Bxb5 19. axb5 Nd7 20. Raf1 Rf8 21. Rf3 Ne5 22. Rf4 Bh6 23. Rh4 Qxe3+ 24. Qxe3 Bxe3+ 25. Kh1 Bg5 26. g3 Bxh4 27. gxh4 Rfe8 28. Na4 f5 29. exf5 gxf5 30. Rxf5 Kg7 31. Rg5+ Kf6 32. Nb6 Rc5 33. Ba4 Rd8 34. Rg1 Nd7 35. Nxd7+ Rxd7 36. b6 Re7 37. Rf1+ Kg7 38. h5 Rf7 39. Rxf7+ Kxf7 40. c3 e5 41. b4 axb4 42. cxb4 Rc1+ 43. Kg2 Kg7 44. Kf3 Re1 45. Bc2 d5 46. Bf5 Rf1+ 47. Kg4 d4 48. Kg3 Rxf5 49. Kg4 Kf6 50. h6 d3 51. h4 d2 52. h5 d1Q+ 53. Kg3 Qg1+ 54. Kh4 Qh2+ 55. Kg4 Qxh5+ 56. Kg3 Qg6+ 57. Kh3 Rh5# 0-1

[Event "FRA-ch U12 Girls"]
[Site "Le Grand Bornand"]
[Date "2007.04.??"]
[Round "8"]
[White "Legrand, Claire"]
[Black "Jacob, Eva"]
[Result "0-1"]
[WhiteElo "1460"]
[BlackElo "1240"]
[PlyCount "40"]
[EventDate "2007.04.07"]
[EventType "swiss"]
[EventRounds "9"]
[EventCountry "FRA"]
[SourceTitle "CBM 118 Extra"]
[Source "ChessBase"]
[SourceDate "2007.07.04"]
[SourceVersion "1"]
[SourceVersionDate "2007.07.04"]
[SourceQuality "1"]

1. e4 c5 2. Nc3 Nc6 3. f4 e6 4. Nf3 Be7 5. Bc4 d6 6. 0-0 e5 7. d3 Nf6 8. Nd5 0-0 9. f5 a6 10. a4 Rb8 11. Qe1 Nxd5 12. Bxd5 Nb4 13. Bb3 Qa5 14. Ng5 h6 15. Nh3 Nc6 16. Qg3 Nd4 17. Rf2 Qe1+ 18. Rf1 Ne2+ 19. Kh1 Qxf1+ 20. Ng1 Qxg1# 0-1